000 00821nac a22002777a 4500
001 BR9402692
003 BR-BrBNA
005 20240105121536.0
008 230509b bl.|||m| |||| 00| 0 por d
040 _aBR-BrBNA
_bpor
_cBiblioteca Nacional de Agricultura
072 _aL01
090 _a6100 BR9402692
100 1 _aHolanda, J.C.
100 1 _aMatos, F.J.R.
110 1 _aInstituto Brasileiro de Informacao em Ciencia e Tecnologia, Brasilia, DF (Brasil)
245 1 _aComo criar frango de corte
250 1 _a2. ed.
260 3 _aBrasilia, DF (Brasil):
_c1993.
300 _a31 p.
490 _aBanco de Solucoes (Brazil)
_vno. 17
_xISSN 0104-4176
500 _a19 illus.
650 _aFrango de Corte
650 _aCriacao
909 _a202312
_bLúcia Elande
_c55
_dLúcia Elande
942 _2AGRIS
_n0
_cMS
999 _c285909
_d285909